000 00730nam a2200289Ia 4500
005 20260324135141.0
008 008 260324s9999 xx 000 0 eng d
020 _a9780203977750
037 _aEBOOK
040 _aCRL
040 _beng
040 _cCRL
041 _2eng
041 _aeng
084 _qCRL
100 _aSarah Ahmed; Jane Kilby; Celia Lury; Maureen McNeil; Maureen Mcneil; Beverley Skeggs
_91199526
245 0 _aTransformations
245 0 _bThinking Through Feminism
260 _bTaylor and Francis
260 _c2000
365 _a
365 _b325
856 _uhttp://www.taylorfrancis.com/books/9780203977750
942 _cEBOOK
999 _c1800300
_d1800300